Quelques aspects de Jehan Rictus /

Hlavní autor: Martineau, René, 1866-1948
Další autoři: Rictus, Jehan, 1867-1933
Jazyk: Francouzština
Vydáno: Paris : Albert Messein, 1935
Témata:
Fyzický popis: 45 s., front. ; 19 cm
Knihy
Uloženo v:
LEADER 00868nam a2200229 a 4500
001 000599235
003 CZ BrMZK
005 20020514073243.0
008 020509s1935 fr f fre d
040 |a BOA001  |b cze 
100 1 |a Martineau, René,  |d 1866-1948  |7 mzk2002109969  |4 aut 
245 1 0 |a Quelques aspects de Jehan Rictus /  |c René Martineau 
260 |a Paris :  |b Albert Messein,  |c 1935 
300 |a 45 s., front. ;  |c 19 cm 
500 |a S podpisem a věnováním autora na s. 1 
504 |a Obsahuje bibliografii 
563 |a Z knihovny J. Floriana 
610 2 7 |a Moravská zemská knihovna (Brno, Česko).  |b Florianova knihovna  |7 mzk2006318440  |2 czenas 
700 1 |a Rictus, Jehan,  |d 1867-1933  |7 jn20000604631  |4 hnr 
910 |a BOA001  |b FLO-1102.616 
990 |a BK 
996 6 |b 2610160248  |c FLO-1102.616  |l MZK  |r Sklad / do 24 hodin  |n 1  |p kup  |w 000599235  |u 000010  |a 1  |e BOA001  |j MZK50  |s P